[Event "Preinscritos IRT Online"]
[Site "Chess.com INT"]
[Date "2020.12.26"]
[Round "3"]
[White "Jativa Mendez, Luis Enrique"]
[Black "Oleas Vanegas, Mateo Andres"]
[Result "0-1"]
[WhiteElo "1342"]
[BlackElo "1688"]
[PlyCount "56"]
[EventDate "2020.12.26"]
[EventType "swiss"]
[EventRounds "11"]
[EventCountry "ECU"]
[SourceTitle "CBM 200 Extra"]
[Source "ChessBase"]
[SourceDate "2021.03.31"]
[SourceVersion "1"]
[SourceVersionDate "2021.03.31"]
[SourceQuality "1"]

1. e4 c5 2. Nf3 Nc6 3. d4 cxd4 4. Nxd4 Nf6 5. Nc3 e5 6. Nf3 Bc5 7. Bc4 0-0 8. 0-0 Nd4 9. Nxe5 Qc7 10. Bf4 d6 11. Nf3 Nxf3+ 12. Qxf3 Bg4 13. Qd3 a6 14. Nd5 Nxd5 15. Bxd5 Rac8 16. h3 Bh5 17. Kh1 Bg6 18. f3 b5 19. Rad1 Rfd8 20. c3 Qb6 21. Rfe1 b4 22. Re2 a5 23. c4 Kh8 24. b3 Rc7 25. Qd2 Re7 26. Qb2 f6 27. Red2 Be3 28. Bxe3 Qxe3 0-1

[Event "Preinscritos IRT Online"]
[Site "Chess.com INT"]
[Date "2020.12.26"]
[Round "2"]
[White "Oleas Vanegas, Mateo Andres"]
[Black "Castillo Gonzalez, Thomas Davis"]
[Result "0-1"]
[WhiteElo "1688"]
[BlackElo "2012"]
[PlyCount "46"]
[EventDate "2020.12.26"]
[EventType "swiss"]
[EventRounds "11"]
[EventCountry "ECU"]
[SourceTitle "CBM 200 Extra"]
[Source "ChessBase"]
[SourceDate "2021.03.31"]
[SourceVersion "1"]
[SourceVersionDate "2021.03.31"]
[SourceQuality "1"]

1. e4 c6 2. d4 d5 3. exd5 cxd5 4. Bd3 Nc6 5. c3 Nf6 6. Ne2 g6 7. 0-0 Bf5 8. Bxf5 gxf5 9. Bf4 e6 10. Nd2 Bd6 11. Nf3 Ne4 12. Ne5 Rg8 13. Ng3 Qc7 14. Nxe4 fxe4 15. Qh5 Bxe5 16. dxe5 0-0-0 17. Bg5 Rde8 18. Bf6 Rg6 19. Qxh7 Nxe5 20. Bxe5 Qxe5 21. Qxf7 Reg8 22. g3 R6g7 23. Qh5 Qxh5 0-1

[Event "Preinscritos IRT Online"]
[Site "Chess.com INT"]
[Date "2020.12.26"]
[Round "4"]
[White "Quizhpe Vaca, Diego Andres"]
[Black "Oleas Vanegas, Mateo Andres"]
[Result "1-0"]
[WhiteElo "1984"]
[BlackElo "1688"]
[PlyCount "77"]
[EventDate "2020.12.26"]
[EventType "swiss"]
[EventRounds "11"]
[EventCountry "ECU"]
[SourceTitle "CBM 200 Extra"]
[Source "ChessBase"]
[SourceDate "2021.03.31"]
[SourceVersion "1"]
[SourceVersionDate "2021.03.31"]
[SourceQuality "1"]

1. e4 c5 2. Nf3 Nc6 3. Bb5 g6 4. Bxc6 bxc6 5. 0-0 Bg7 6. Re1 d6 7. h3 Nf6 8. e5 Nd5 9. exd6 Qxd6 10. Nc3 Nxc3 11. dxc3 0-0 12. Qe2 e6 13. Bg5 a5 14. Rad1 Qc7 15. Qe3 Qb6 16. b3 Qb5 17. Be7 Re8 18. Bxc5 a4 19. Bd4 axb3 20. axb3 Ra2 21. Bxg7 Kxg7 22. Qd4+ Kg8 23. Rd2 Ba6 24. c4 Qb4 25. Red1 Qa3 26. Ne5 c5 27. Qd7 Rf8 28. Qe7 Ra1 29. Kh2 Rxd1 30. Rxd1 Qb2 31. f4 Qxc2 32. Rd8 Rxd8 33. Qxd8+ Kg7 34. Qb6 Bc8 35. Qc7 Qe4 36. Qxf7+ Kh6 37. Qf8+ Kh5 38. g4+ Kh4 39. Qh6# 1-0

[Event "ECU-chT U20"]
[Site "Carpuela"]
[Date "2014.05.05"]
[Round "5.5"]
[White "Oleas Vanegas, Mateo Andres"]
[Black "Robles Loaiza, Alberto Alexand"]
[Result "0-1"]
[WhiteElo "1525"]
[BlackElo "1448"]
[PlyCount "76"]
[EventDate "2014.05.03"]
[EventType "team-swiss"]
[EventRounds "7"]
[EventCountry "ECU"]
[SourceTitle "CBM 160 Extra"]
[Source "ChessBase"]
[SourceDate "2014.07.01"]
[SourceVersion "1"]
[SourceVersionDate "2014.07.01"]
[SourceQuality "1"]
[WhiteTeam "Pichincha"]
[BlackTeam "El Oro"]
[WhiteTeamCountry "ECU"]
[BlackTeamCountry "ECU"]

1. e4 e5 2. Nf3 Nc6 3. Bb5 a6 4. Ba4 Nf6 5. 0-0 b5 6. Bb3 Be7 7. Re1 0-0 8. c3 d6 9. h3 Na5 10. Bc2 c5 11. d4 Qc7 12. d5 b4 13. cxb4 cxb4 14. b3 Bd7 15. Bd2 Rab8 16. Bd3 Bb5 17. Bxb4 Bxd3 18. Bxa5 Qc2 19. Qxc2 Bxc2 20. Nc3 Rfc8 21. Rac1 Bd3 22. Nd2 Nh5 23. Re3 Bb5 24. a4 Bd7 25. Ne2 Bg5 26. Rxc8+ Rxc8 27. Rc3 Rxc3 28. Bxc3 f5 29. f3 Nf6 30. exf5 Nxd5 31. Nc4 Nxc3 32. Nxc3 Bxf5 33. Nxd6 Bc2 34. Nde4 Be7 35. Kf2 Kf7 36. Ke3 Bxb3 37. g4 Ke6 38. Nd5 Kxd5 0-1